Fußball Top 10 #19 (Premier League Rekordmeister) - Statistiken

Allgemein
  • Dieses Quiz wurde 157 mal gespielt
  • Das Durchschnittsergebnis liegt bei 7 aus 10
Antwortstatistiken
Platz Meisterschaften Verein % Korrekt
2 19 FC Liverpool
99%
4 10 Manchester City
99%
1 20 Manchester United
99%
3 13 FC Arsenal
98%
7 6 FC Chelsea
96%
6 7 Aston Villa
71%
10 4 Newcastle United
71%
5 9 FC Everton
65%
8 6 AFC Sunderland
27%
9 4 Sheffield Wednesday
15%
Keine übereinstimmenden Quizze gefunden
Verteilung der Resultate
Anzahl Personen mit jedem Resultat
Perzentil nach korrekt beantworteten Fragen
Ihre Resultats-Entwicklung
Sie haben dieses Quiz noch nicht gespielt